Adventures in symphonic music
Enregistré dans:
| Auteur principal: | |
|---|---|
| Format: | Livre |
| Langue: | anglais |
| Publié: |
Nueva York
Rinehart and Company
1944
|
| Sujets: | |
| Tags: |
Ajouter un tag
Pas de tags, Soyez le premier à ajouter un tag!
|
MARC
| LEADER | 00000nam a2200000 a 4500 | ||
|---|---|---|---|
| 001 | UCN3269 | ||
| 003 | CL-VaPUC | ||
| 008 | 010622e19440000US |||||||||||||||||eng|d | ||
| 082 | 0 | 4 | |a 784.209 |b DOW |2 21 |
| 100 | 0 | |a Downes, Edward |e author |9 459755 | |
| 245 | 1 | 0 | |a Adventures in symphonic music |
| 300 | |a 323 p | ||
| 942 | |c BK | ||
| 945 | |d 20010622 00:00:00 |a crobeson | ||
| 260 | |a Nueva York |b Rinehart and Company |c 1944 | ||
| 650 | 7 | |a MUSICA SINFONICA |2 CL-VaPUC |9 459532 | |
| 650 | 0 | |a Música orquestal |9 306546 | |
| 650 | 7 | |a MUSICA - HISTORIA |2 CL-VaPUC |9 306301 | |
| 583 | |a last modification |c 20010622 00:00:00 |k Rodrigo Vera | ||
| 999 | |c 296194 |d 296192 | ||
| 952 | |0 0 |1 0 |4 0 |6 784_209000000000000_DOW_1944 |7 0 |8 A |9 349814 |a BIBEDU |b BIBEDU |d 2019-11-20 |i 1187902 |o 784.209 DOW 1944 |p 1187902 |r 2023-01-12 |w 2019-11-20 |y BK |k MUS | ||